000 00408nam a22001577a 4500
005 20180717123713.0
008 160621b xxu||||| |||| 00| 0 eng d
041 _aeng
082 _b8648
_a657.3
100 _aBhattacharya, Dr. Anjan and jana, Madam Mohan
_94533
245 _aFinancial Statement Analysis
260 _bB.B.Kundu grandson
_c2008
300 _a781
650 _aManagement
_9241
942 _cBK
999 _c3336
_d3335